000
nam a22 7a 4500
999
_c
50170
_d
50170
003
OSt
005
20200916142027.0
008
200916b xxu||||| |||| 00| 0 eng d
040
_c
SERO SOFT
100
_a
BARE ACT
245
_a
GST INCORPORATING
260
_a
CLP
300
_a
892
942
_2
ddc
_c
02